| 000 | 01094nam a22002057i 4500 | ||
|---|---|---|---|
| 999 |
_c23290 _d23290 |
||
| 003 | AR-CdUCM | ||
| 008 | 250526b20212021 pe||||| |||| 00| 0 spa d | ||
| 020 | _a978-612-48462-3-6 | ||
| 040 |
_aMUNICIPALIDAD PROVINCIAL DEL CUSCO _cBIBLIOTECA MUNICIPAL DEL CUSCO |
||
| 041 | _hspa | ||
| 082 |
_aEP / 807 / B95S _bB95S |
||
| 100 |
_aBustamante Quispe, Mario _951181 |
||
| 245 |
_aSemana santa : _bOjotin y Goyo / |
||
| 260 |
_aCusco : _bAutor-Editor _c2021 |
||
| 300 |
_a11 páginas. : _bIlustraciones _c30x20 cm. |
||
| 505 | _aSemana Santa | ||
| 856 | _fwww.ojotincomic.blobspot.com | ||
| 942 |
_2ddc _cLIBROS |
||
| 945 |
_apbjr _d26-05-2025 |
||